[Event "Vellmar op 11th"]
[Site "Vellmar"]
[Date "2019.07.07"]
[Round "6"]
[White "Huneck, Frank"]
[Black "Nielsen, Michael Volstrup"]
[Result "1-0"]
[WhiteElo "1788"]
[BlackElo "1912"]
[PlyCount "47"]
[EventDate "2019.07.04"]
[EventType "swiss"]
[EventRounds "7"]
[EventCountry "GER"]
[SourceTitle "CBM 191 Extra"]
[Source "ChessBase"]
[SourceDate "2019.09.30"]
[SourceVersion "1"]
[SourceVersionDate "2019.09.30"]
[SourceQuality "1"]

1. d4 d5 2. Bf4 Bf5 3. e3 c5 4. Bd3 Bxd3 5. Qxd3 c4 6. Qe2 e6 7. Nf3 Qb6 8. c3 Nf6 9. Qc2 Ne4 10. Nbd2 f5 11. 0-0 Nd7 12. Ne5 Ndf6 13. Qa4+ Ke7 14. Nxe4 fxe4 15. Bg5 Qc7 16. f3 a6 17. fxe4 b5 18. Qc2 Ke8 19. Bxf6 gxf6 20. Rxf6 Qe7 21. Raf1 Bg7 22. Rf7 Qg5 23. Qf2 Bxe5 24. dxe5 1-0

[Event "DEN-ch Kort 1-1"]
[Site "Svendborg"]
[Date "2019.04.15"]
[Round "4"]
[White "Nielsen, Michael Volstrup"]
[Black "Jacobsen, Jonathan Roed Gundo"]
[Result "1-0"]
[WhiteElo "1906"]
[BlackElo "1860"]
[PlyCount "75"]
[EventDate "2019.04.13"]
[EventType "swiss"]
[EventRounds "5"]
[EventCountry "DEN"]
[SourceTitle "EXT 2020"]
[Source "ChessBase"]
[SourceDate "2019.10.17"]
[SourceVersion "1"]
[SourceVersionDate "2019.10.17"]
[SourceQuality "1"]

1. d4 Nf6 2. Bf4 g6 3. Nc3 Bg7 4. e4 d6 5. Be2 0-0 6. Qd2 c5 7. d5 a6 8. a4 Qa5 9. Ra3 Nbd7 10. f3 Rb8 11. Bh6 c4 12. Bxg7 Kxg7 13. Bxc4 Qb4 14. Bb3 b5 15. Nge2 Nb6 16. axb5 axb5 17. Nd4 Bd7 18. 0-0 Qc5 19. Nce2 b4 20. Raa1 Bb5 21. Kh1 Ra8 22. Nxb5 Qxb5 23. h3 Nh5 24. Qd4+ Kg8 25. Qd3 Qxd3 26. cxd3 Nd7 27. Kg1 Nc5 28. Bc4 Ra4 29. d4 Rxa1 30. Rxa1 Nd7 31. Ra7 Nb6 32. Bb5 Ra8 33. Rxa8+ Nxa8 34. b3 f5 35. e5 Nc7 36. Bc6 Ng7 37. Nc1 e6 38. exd6 1-0